000 00617nam a2200193Ia 4500
003 GCL
008 140319s9999 xx 000 0 ara d
040 _aGCL /
_cGCL
082 0 4 _a812.043
_bل ب
100 1 _aلطيفة الزيات
245 1 0 _aبيع وشراء:مسرحية فى ثلاثة فصول /
_cلطيفة الزيات
260 _a[S.N] :
_bالهيئة المصرية العامة للكتاب ،
_c1994
300 _a109 ص
490 _a
650 0 4 _aالادب العربى
650 0 4 _aالمسرحيات المصرية
650 0 4 _aالمسرحيات العربية
942 _2ddc
_cBK
999 _c29421
_d29421